'Pan-' Vocabulary Quiz Stats

 Plays Quiz Updated Jan 9, 2016

Challenge
Share
Tweet
Embed
Score 0/22 Timer 05:00
1 Play Today
% Correct
Panther
95.5%
Pancake
95.3%
Pancreas
94.9%
Pantaloons
93.2%
Panorama
93%
Panlingual
92.5%
Pantropical
91.5%
Pantheist
90.9%
Pantomime
90.6%
Pandemic
90.4%
Pancetta
89.2%
% Correct
Pandemonium
87.8%
Pang
87.6%
Pantheon
86.4%
Panchromatic
86.1%
Panache
82%
Panphobia
81%
Pansophy
80.5%
Panicky
77.2%
Panacea
74.9%
Panetela
74.6%
Pandect
61.4%

You're not logged in!

Compare scores with friends on all Sporcle quizzes.
Join for Free
OR
Log In

You Might Also Like...

Show Comments

Extras

Top Quizzes Today


Score Distribution

Your Account Isn't Verified!

In order to create a playlist on Sporcle, you need to verify the email address you used during registration. Go to your Sporcle Settings to finish the process.

Report this User

Report this user for behavior that violates our Community Guidelines.

Details: